OFFICE spaces 2: a pictorial review (Record no. 59766)
[ view plain ]
| 000 -LEADER | |
|---|---|
| fixed length control field | 00221nam a2200085Ia 4500 |
| 008 - FIXED-LENGTH DATA ELEMENTS--GENERAL INFORMATION | |
| fixed length control field | 240321s9999 xx 000 0 und d |
| 082 ## - DEWEY DECIMAL CLASSIFICATION NUMBER | |
| Classification number | 725.23 |
| Item number | OFF |
| 245 #0 - TITLE STATEMENT | |
| Title | OFFICE spaces 2: a pictorial review |
| 260 ## - PUBLICATION, DISTRIBUTION, ETC. | |
| Name of publisher, distributor, etc. | Image Publishing |
| 999 ## - | |
| -- | 59766 |
| -- | 59766 |
| Withdrawn status | Weedout from Library | Permanent Location | Current Location | Shelving location | Date acquired | Cost, normal purchase price | Full call number | Barcode | Price effective from | Koha item type |
|---|---|---|---|---|---|---|---|---|---|---|
| NATIONAL COLLEGE OF ARTS, RAWALPINDI CAMPUS - LIBRARY | NATIONAL COLLEGE OF ARTS, RAWALPINDI CAMPUS - LIBRARY | 21/03/2024 | 4500.00 | 725.23 OFF | RP002946 | 21/03/2024 | Book | |||
| NATIONAL COLLEGE OF ARTS, RAWALPINDI CAMPUS - LIBRARY | NATIONAL COLLEGE OF ARTS, RAWALPINDI CAMPUS - LIBRARY | 08/10/2025 | OFF 725.23 RP006084 | RP006084 | 08/10/2025 |